| 000 | 01811nam a2200517 i 4500 | ||
|---|---|---|---|
| 001 | 36815 | ||
| 003 | KOSZ 005 | ||
| 005 | 20220321121940.0 | ||
| 008 | 991209s1999 pl a f f |000 0 pol | ||
| 015 | _aUWD 1999/19709 | ||
| 020 | _a8372071071 | ||
| 035 | _a991012241939705066 | ||
| 035 | _a(PL-WaBN)b13315377-48omnis_nlop | ||
| 035 | _ab13315377 | ||
| 035 | _a(OCoLC)749155152 | ||
| 035 | _azz2003812984 | ||
| 035 | _a(PL)b0000001331537 | ||
| 035 | _a(EXLNZ-48OMNIS_NETWORK)9910171558605606 | ||
| 040 |
_aWA N _cWA N _dKOSZ 005/HR |
||
| 041 | 0 | _apol | |
| 046 | _k1999 | ||
| 080 | _a531 | ||
| 080 | _a(075.8) | ||
| 100 | 1 |
_aBijak-Żochowski, Marek _eAutor |
|
| 245 | 1 | 0 |
_aPodstawy mechaniki ciała stałego : _bpraca zbiorowa / _cMarek Bijak-Żochowski, Andrzej Jaworski, Tomasz Zagrajek ; pod red. Andrzeja Jaworskiego. |
| 260 |
_aWarszawa : _bOficyna Wydawnicza Politechniki Warszawskiej, _c1999. |
||
| 300 |
_a218 s. : _brys., wykr. ; _c24 cm. |
||
| 336 |
_aTekst _btxt _2rdacontent |
||
| 337 |
_aBez urządzenia pośredniczącego _bn _2rdamedia |
||
| 338 |
_aWolumin _bnc _2rdacarrier |
||
| 380 | _aKsiążki | ||
| 380 | _aPublikacje dydaktyczne | ||
| 385 |
_mPoziom nauczania _aSzkoły wyższe |
||
| 388 | _a1901-2000 | ||
| 388 | _a1989-2000 | ||
| 504 | _aBibliogr. s. 218. | ||
| 650 | 7 |
_aMechanika ciała stałego _2DBN |
|
| 655 | 7 |
_aPodręczniki akademickie _2DBN |
|
| 658 | _aFizyka i astronomia | ||
| 700 | 1 |
_aJaworski, Andrzej _d(1922-2015) _eAutor _eRedakcja |
|
| 700 | 1 |
_aZagrajek, Tomasz _eAutor |
|
| 710 | 2 |
_aOficyna Wydawnicza Politechniki Warszawskiej _4pbl |
|
| 856 |
_uhttp://koha.tu.koszalin.pl/cgi-bin/koha/opac-detail.pl?biblionumber=36815 _yKatalog online BPK |
||
| 942 |
_2UKD _cKS |
||
| 999 |
_c36815 _d36815 |
||